000 00829namaa2200277 a 4500
001 vtls001304474
003 NLI
005 20210627043903.0
008 120418s1980 dcu i000 0 eng
039 9 _y201204181933
_zVLOAD
040 0 _aNLI
_cVTLS-2012_FOD
_eAACR2
041 0 _aeng
044 _adcu
082 0 4 _a796.087
110 1 _aUnited States.
_bGovernment Printing Office
245 1 0 _aResources for the vocational preparation of disabled youth
260 _aWashington, D.C. :
_bUnited States Government Printing Office,
_c1980
300 _a44 p. ;
_c30 cm.
650 0 _aHandicapped persons
_9725432
650 0 _aDisabled Persons
_9725433
887 _a
901 _aAD 138141
_b25.10.2010
902 _aU.S 796.087 Un 3
949 _AVIRTUAITEM
_D10000
_X100
_6ADX000138141ENG
942 _2ddc
_cBKS
999 _c596174
_d596174